000
00282nam a22001217a 4500
008
180424b xxu||||| |||| 00| 0 eng d
041
_a
eng
080
_a
043.3
100
_a
0
101
_a
ARK-BTH
245
_a
Salla koncertale e Operas dhe Baletit
_c
Dërguti,R
942
_2
udc
_c
BK
999
_c
45464
_d
45464